Objekt poschodových garáží – montovaná železobetónová konštrukcia

Salvato in:
Dettagli Bibliografici
Autore principale: Kirka, Jakub (Autore)
Altri autori: Hollý, Ivan (Relatore della tesi)
Natura: Manoscritto Libro
Lingua:slovacco
Pubblicazione: 2016
Soggetti:
Accesso online:http://is.stuba.sk/zp/portal_zp.pl?podrobnosti=117584
https://opac.crzp.sk/?fn=detailBiblioForm&sid=41728D440EB1EF6291151B8922FE
Tags: Aggiungi Tag
Nessun Tag, puoi essere il primo ad aggiungerne!!

MARC

LEADER 00000ntm a22000003a 4500
001 stuzp56881
003 SK-STU
005 20230908111805.6
007 ta
008 150427s2015----xo-----f-mn---000-0-slo-d
040 |a STU  |b slo 
041 0 |a slo 
100 1 |a Kirka, Jakub  |u 010110  |4 aut  |U SvF Stavebná fakulta  |T SvF Katedra betónových konštrukcií a mostov  |X 7766  |U V110  |Y 11  |7 A000007766 
242 0 1 |a Multi-storey garage - pre-cast concrete structure  |y eng 
245 1 0 |a Objekt poschodových garáží – montovaná železobetónová konštrukcia 
260 |c 2016 
650 4 |a predpätý  |2 slo 
650 4 |a kalich  |2 slo 
650 4 |a rampa  |2 slo 
650 4 |a garáž  |2 slo 
650 4 |a prefabrikovaný  |2 slo 
650 4 |a prefabricated  |2 eng 
650 4 |a pre-tensioned  |2 eng 
650 4 |a calyx  |2 eng 
650 4 |a ramp  |2 eng 
650 4 |a garage  |2 eng 
650 4 |a precast  |2 eng 
700 1 |a Hollý, Ivan  |u 010110  |k Z1  |4 ths  |U SvF Stavebná fakulta  |T SvF Katedra betónových konštrukcií a mostov  |X 20766  |U V110  |Y 11  |7 A000020766 
856 4 |u http://is.stuba.sk/zp/portal_zp.pl?podrobnosti=117584 
856 4 |u https://opac.crzp.sk/?fn=detailBiblioForm&sid=41728D440EB1EF6291151B8922FE 
SQL |a stuzp56881  |b DDP  |c SLO  |d Objekt poschodových garáží – montovaná železobetónová konštrukcia  |e 7766  |f Kirka, Jakub  |g 010110  |h 20766  |i Hollý, Ivan  |j 20160615  |k 945  |l 01  |m http://is.stuba.sk/zp/portal_zp.pl?podrobnosti=117584  |n I-NKS  |o 5.1.5. inžinierske konštrukcie a dopravné stavby